|
|
|
|
| LEADER |
00000cam a2200000 7i4500 |
| 001 |
0000012810 |
| 005 |
20080103.0 |
| 008 |
080103 |
| 020 |
|
|
|a 9678602458
|
| 090 |
0 |
0 |
|a 371.30281
|b RUB
|
| 100 |
0 |
|
|a Rubiah Aksah
|
| 245 |
1 |
0 |
|a Belajar cara belajar
|c Rubiah Aksah, Ong Yea Jing
|
| 260 |
|
|
|a Selangor :
|b Karya Bestari Sdn. Bhd ,
|c 2005
|
| 650 |
|
0 |
|a College student
|
| 650 |
|
0 |
|a Motivation in education
|
| 650 |
|
0 |
|a Study skills
|
| 700 |
0 |
|
|a Ong Yea Jing
|
| 710 |
0 |
|
|a Title
|
| 999 |
|
|
|a 0001010844
|b Book
|c Adult Collection
|e Perbadanan Perpustakaan Awam Johor
|
| 999 |
|
|
|a 0001010845
|b Book
|c Adult Collection
|e Perbadanan Perpustakaan Awam Johor
|
| 999 |
|
|
|a 0001010882
|b Book
|c Adult Collection
|e Perbadanan Perpustakaan Awam Johor
|